000 04879nam a22003977i 4500
001 B-12135
003 CO-BoFNCP
007 t||
008 090806s2009 ck r spa d
040 _aCO-BoFNCP
_bspa
_cCO-BoFNCP
_erda
041 _aspa
043 _ack
084 _aA-
100 1 _aAraque T., Leonardo
_941868,
_eautor.
_4aut
245 1 0 _aAnálisis de los sistemas de captura y procesamiento de información para la toma de decisiones en el manejo de los insectos defoliadores de la palma de aceite en Colombia.
246 2 _aAnalysis of the information capture and processing systems for decision-making in the management of leaf-eating insects on palm oil plantations in Colombia
264 4 _c©2009
300 _apáginas 53-67 :
_bGráficos.
336 _atexto
_btxt
_2rdacontent
337 _asin mediación
_bn
_2rdamedia
338 _avolumen
_bnc
_2rdacarrier
500 _aContiene resumen en español e inglés.
504 _aIncluye referencias bibliográficas.
520 _aDefoliator insects in oil palm are a decisive factor in the competitiveness of the sector, due to the fact that they exert a high pressure on the production and the use of inputs. For the management of pests is necessary to quantify the population density of individuals, since these data are defined on the responses of control including different management alternatives. Therefore, to standardize the quality of operational processes will validate technologies at the regional level to reduce costs to the plantations. This work emphasizes the pattern of regular activities to capture, processing and analysis, under the criteria of precision agriculture in the management of an oil palm plant health program. The methodology by conducting a questionnaire to the different profiles involved in a health program, located in seven plantations spread over the four palms zones. The survey process involves twenty-one "factors of decision analysis," which can identify the choice of tactics, strategies and operations associated with management of plant health problems. In the construction of model that identifies stages of acquisition and processing, are more susceptible to inconsistencies due to the greater human manipulation, and the flexibility of the formats used for recording and processing of records from the samples. Based on this model and its associated problems, was designed a generic data acquisition in the field through mobile pda to improve the quality of its processes to: a) reduce the errors due to manipulation of digital data, b) establish standards for the traceability of quality, c) reduce time and costs associated with the process of transferring information.
520 _aLas plagas defoliadoras de la palma de aceite impactan negativamente la competitividad del sector, debido a que ocasionan disminuciones en la producción, aumento en el uso de insumos y, por consiguiente, incremento en los costos. Para controlarlas, es necesario cuantificar sus densidades poblacionales. Cenipalma orientó la realización del presente trabajo al montaje de un modelo de captura periódica, procesamiento y análisis de información, basado en criterios de agricultura de precisión, para el monitoreo y manejo de la sanidad vegetal de una plantación de palma de aceite. La metodología partió de un cuestionario dirigido a los distintos involucrados en un programa de sanidad, en siete plantaciones de las cuatro zonas palmeras de Colombia. Involucró 21 "factores de análisis de decisión", los cuales permitieron identificar tácticas, estrategias y actividades para tratar los problemas fitosanitarios. Durante la construcción del modelo se identificó que las fases de adquisición y procesamiento de la información son susceptibles a presentar inconsistencias, debido a manipulación humana, flexibilidad de los formatos utilizados para el registro y tratamiento de la información proveniente de los muestreos. Basados en este modelo y considerando su problemática asociada, se diseñó una propuesta genérica de adquisición de datos en el campo mediante equipos móviles denominados pda (asistente personal digital, por su sigla en inglés), con el fin de disminuir los errores en la captura y la manipulación de los datos, establecer estándares para la trazabilidad de la calidad, y reducir el tiempo y los costos del proceso de transferencia de información.
650 0 _aAgricultura de precisión.
_9809
650 0 _aFactores de análisis de decisión
_932374.
650 0 _aManejo integrado de plagas
_930521.
650 0 _aModelo de flujo de información
_933927.
650 0 _aInsectos defoliadores.
_930448
650 0 _aPalma de aceite
_937678.
700 1 _aForero, Diana C.
_941483.
773 0 _aPalmas (Colombia)
_gv. 30, no. 1 (2009), p.53-67
_wA-
_x0121-2923
942 _2z
_c1
999 _c26552
_d26552